| 000 | 01680cam a2200457 a 4500 | ||
|---|---|---|---|
| 001 | 16825295 | ||
| 003 | OSt | ||
| 005 | 20210419055103.0 | ||
| 008 | 110613s2012 nyu b 001 0deng | ||
| 010 | _a 2011025101 | ||
| 020 | _a9780316086875 | ||
| 040 |
_aDLC _cDLC _dDLC |
||
| 042 | _apcc | ||
| 043 | _an-us--- | ||
| 050 | 0 | 0 |
_aQH510.5 _b.K725 2012 |
| 080 |
_a59 _bK-81 |
||
| 082 | 0 | 0 |
_a780 _223 |
| 100 | 1 |
_aKrause, Bernie, _d1938- |
|
| 245 | 1 | 4 |
_aThe great animal orchestra : _bfinding the origins of music in the world's wild places / _cBernie Krause. |
| 250 | _a1st ed. | ||
| 260 |
_aNew York : _bLittle, Brown, _c2012. |
||
| 300 |
_a278 p. ; _c25 cm. |
||
| 365 | _b26.99 usd | ||
| 504 | _aIncludes bibliographical references (p. 257-265) and index. | ||
| 505 | 0 | _aSound as my mentor -- Voices from the land -- The organized sound of life itself -- Biophony : the proto-orchestra -- First notes -- Different croaks for different folks -- The fog of noise -- Noise and biophony/oil and water -- Coda of hope. | |
| 600 | 1 | 0 |
_aKrause, Bernie, _d1938- _xTravel. |
| 650 | 0 | _aNature sounds. | |
| 650 | 0 | _aAnimal sounds. | |
| 650 | 0 |
_aMusic _xOrigin. |
|
| 650 | 0 |
_aSounds _xPsychological aspects.. |
|
| 650 | 0 |
_aNoise _xPsychological aspects. |
|
| 650 | 0 | _aAural history. | |
| 650 | 0 | _aField recordings. | |
| 650 | 0 |
_aMusicians _zUnited States. |
|
| 653 | _aბუნება | ||
| 653 | _aცხოველები | ||
| 653 | _aმუსიკა | ||
| 906 |
_a7 _bcbc _corignew _d1 _eecip _f20 _gy-gencatlg |
||
| 942 |
_2udc _cBK _e1 |
||
| 999 |
_c245 _d245 |
||